Online Catalogue and eLibrary

Women and kinship : (Record no. 73)

MARC details
000 -LEADER
fixed length control field 00816cam a2200277 a 4500
001 - CONTROL NUMBER
control field 12231549
005 - DATE AND TIME OF LATEST TRANSACTION
control field 20231124034024.0
008 - FIXED-LENGTH DATA ELEMENTS--GENERAL INFORMATION
fixed length control field 001115s1997 ja a b i001 0 eng d
020 ## - INTERNATIONAL STANDARD BOOK NUMBER
ISBN 9280809229
020 ## - INTERNATIONAL STANDARD BOOK NUMBER
ISBN 8170366186
040 ## - CATALOGING SOURCE (பட்டியலாக்க மூலம்)
Original cataloging agency MIA
Transcribing agency MIA
Modifying agency GZM
-- ZBL
-- DLC
082 00 - DDC Classification
Class No. 305.4/0954
DDC Edition Number 21
Item Number - Author Mark LEE.
100 1# - MAIN ENTRY--PERSONAL NAME
Personal name Dube, Leela.
245 10 - TITLE STATEMENT
Title Women and kinship :
Remainder of title perspectives on gender in South and South-East Asia /
Statement of responsibility, etc. by Leela Dube.
260 ## - PUBLICATION, DISTRIBUTION, ETC.
Place of publication, distribution, etc. Tokyo ;
-- New York :
Name of publisher, distributor, etc. United Nations University Press,
Date of publication, distribution, etc. 1997.
300 ## - PHYSICAL DESCRIPTION
Extent (e.g. Volumes, Pages etc.) x, 214 p. :
500 ## - GENERAL NOTE
General note "UNUP-922"--T.p. verso.
650 #0 - SUBJECT ADDED ENTRY--TOPICAL TERM
Topical term or geographic name entry element Women
650 #0 - SUBJECT ADDED ENTRY--TOPICAL TERM
Topical term or geographic name entry element Kinship
650 #0 - SUBJECT ADDED ENTRY--TOPICAL TERM
Topical term or geographic name entry element Gender identity
650 #0 - SUBJECT ADDED ENTRY--TOPICAL TERM
Topical term or geographic name entry element Women
650 #0 - SUBJECT ADDED ENTRY--TOPICAL TERM
Topical term or geographic name entry element Kinship
650 #0 - SUBJECT ADDED ENTRY--TOPICAL TERM
Topical term or geographic name entry element Gender identity
856 42 - ELECTRONIC LOCATION AND ACCESS
Uniform Resource Identifier <a href="http://www.loc.gov/catdir/enhancements/fy1605/00708668-d.html">http://www.loc.gov/catdir/enhancements/fy1605/00708668-d.html</a>
942 ## - Koha item type (Biblio)
Koha item type Books in Stacks (Lending)
Holdings
Lost status Damaged status Collection code Home library Current library Date acquired Full call number Accession Number Item type
    Lending WERC Library WERC Library 11/24/2023 305.4/0954 LEE. 2736 Books in Stacks (Lending)

© WERC Library